Statistiques concernant Les régions et leurs saintes patronnes

Cliquez ici pour prendre le quiz!

Statistiques générales

  • Ce quiz a été pris 37 fois
  • Le résultat moyen est 3 sur 8

Statistiques - réponses

RégionSainte% Correct
ParisGeneviève
79%
BretagneAnne
75%
AlsaceOdile
43%
BerrySolange
21%
CorseJulie
14%
Provence-Alpes-Côte d'AzurMarie Madeleine
14%
AudeAude
11%
SologneMontaine
11%

Distribution des résultats

Percentile par nombre de réponses

% des personnes avec chaque résultat

Votre développement - résultats

Vous n’avez pas pris ce quiz